[Event "Oakham Young Masters"]
[Site "Oakham"]
[Date "1990.??.??"]
[Round "?"]
[White "Iosif, Cristina S"]
[Black "Hennigan, Michael T"]
[Result "0-1"]
[WhiteElo "2220"]
[BlackElo "2355"]
[PlyCount "128"]
[EventDate "1990.03.28"]
[EventType "swiss"]
[EventRounds "9"]
[EventCountry "ENG"]
[SourceTitle "BritBase"]
[Source "John Saunders"]
[SourceDate "2023.06.27"]
[SourceVersion "1"]
[SourceVersionDate "2023.06.27"]
[SourceQuality "1"]

1. e4 Nf6 2. e5 Nd5 3. d4 d6 4. Nf3 g6 5. Bc4 Nb6 6. Bb3 Bg7 7. O-O O-O 8. Re1
Bg4 9. h3 Bxf3 10. Qxf3 Nc6 11. exd6 Nxd4 12. Qxb7 exd6 13. c3 Rb8 14. Qe4 d5
15. Qd3 Ne6 16. Be3 c5 17. Qd2 Re8 18. Na3 d4 19. cxd4 Nxd4 20. Rad1 Nxb3 21.
axb3 Qxd2 22. Rxd2 Bd4 23. Nb5 Bxe3 24. Rxe3 Rxe3 25. fxe3 Rb7 26. Na3 Kg7 27.
Kf2 Kf6 28. e4 Ke6 29. Rd3 Nd7 30. Nc4 Ne5 31. Rd6+ Ke7 32. Rd2 Nxc4 33. bxc4
Rb4 34. Rc2 Ke6 35. b3 Rxb3 36. Ra2 Rb7 37. Ra5 Kd6 38. Ke3 Rc7 39. Kf4 Kc6 40.
e5 Kb6 41. Rb5+ Kc6 42. Ra5 Kb7 43. Rb5+ Ka8 44. Ra5 Kb7 45. Rb5+ Kc8 46. Ke4
a6 47. Rb6 Ra7 48. Rc6+ Kd7 49. Rxc5 a5 50. Rb5 a4 51. Rb2 a3 52. Ra2 Kc6 53.
Kd4 Ra4 54. h4 Ra5 55. g4 h6 56. h5 g5 57. Ke4 Kc5 58. Kf5 Ra6 59. Rc2 a2 60.
Rxa2 Rxa2 61. Kf6 Kxc4 62. Kxf7 Ra7+ 63. Kf6 Kd5 64. e6 Ra6 0-1

[Event "Oakham Young Masters"]
[Site "Oakham"]
[Date "1990.??.??"]
[Round "?"]
[White "Iosif, Cristina S"]
[Black "Ledger, Andrew J"]
[Result "0-1"]
[WhiteElo "2220"]
[BlackElo "2335"]
[PlyCount "112"]
[EventDate "1990.03.28"]
[EventType "swiss"]
[EventRounds "9"]
[EventCountry "ENG"]
[SourceTitle "BritBase"]
[Source "John Saunders"]
[SourceDate "2023.06.27"]
[SourceVersion "1"]
[SourceVersionDate "2023.06.27"]
[SourceQuality "1"]

1. e4 g6 2. d4 Bg7 3. Nc3 c6 4. h3 d5 5. Nf3 Nf6 6. Bd3 dxe4 7. Nxe4 Nxe4 8.
Bxe4 Nd7 9. c3 Qc7 10. O-O O-O 11. Re1 e5 12. dxe5 Nxe5 13. Bf4 Rd8 14. Qe2
Nxf3+ 15. Qxf3 Qb6 16. Bg5 Rf8 17. b4 Be6 18. a3 a5 19. Bf6 Rfe8 20. Rad1 Qc7
21. Bxg7 Kxg7 22. c4 axb4 23. axb4 Kg8 24. c5 Ra4 25. Rd4 Qe5 26. Red1 Ra1 27.
Qd3 Rxd1+ 28. Qxd1 Kg7 29. Bf3 Bb3 30. Qd2 Ra8 31. g3 Be6 32. Kg2 Ra2 33. Re4
Rxd2 34. Rxe5 Rb2 35. Re4 Rb3 36. Rd4 f5 37. Bd1 Rb2 38. Kf3 Kf6 39. Ke3 Bd5
40. h4 h6 41. g4 Be6 42. gxf5 gxf5 43. Be2 Bd5 44. Bd3 Rb3 45. Kf4 Rc3 46. h5
Rb3 47. b5 Rc3 48. bxc6 bxc6 49. f3 Be6 50. Bxf5 Bxf5 51. Rd6+ Be6 52. Rxc6
Rc4+ 53. Ke3 Rh4 54. Rd6 Rxh5 55. Kd4 Ke7 56. Ra6 Rd5+ 0-1

[Event "Oakham Young Masters"]
[Site "Oakham"]
[Date "1990.??.??"]
[Round "?"]
[White "Iosif, Cristina S"]
[Black "Quillan, Gary"]
[Result "0-1"]
[WhiteElo "2220"]
[BlackElo "2290"]
[PlyCount "70"]
[EventDate "1990.03.28"]
[EventType "swiss"]
[EventRounds "9"]
[EventCountry "ENG"]
[SourceTitle "BritBase"]
[Source "John Saunders"]
[SourceDate "2023.06.27"]
[SourceVersion "1"]
[SourceVersionDate "2023.06.27"]
[SourceQuality "1"]

1. e4 e6 2. d4 d5 3. Nc3 Bb4 4. e5 c5 5. a3 Bxc3+ 6. bxc3 Ne7 7. Nf3 b6 8. Bd3
Ba6 9. O-O Bxd3 10. Qxd3 Qc7 11. a4 Nd7 12. a5 bxa5 13. Ba3 h6 14. g3 Rc8 15.
Ra2 O-O 16. Rb1 Rfe8 17. Qa6 Rb8 18. Rab2 Rxb2 19. Rxb2 cxd4 20. cxd4 Qc3 21.
Qxa7 Qxa3 22. Qxd7 Kf8 23. Rb3 Qc1+ 24. Kg2 Qxc2 25. Rb7 Qe4 26. Qb5 g5 27. Qb1
Qxb1 28. Rxb1 Ra8 29. Ra1 Nc6 30. Ra4 Rb8 31. Kf1 Rb4 32. Rxb4 axb4 33. Ke2 g4
34. Ne1 Nxd4+ 35. Kd3 Nf3 0-1

[Event "Oakham Young Masters"]
[Site "Oakham"]
[Date "1990.??.??"]
[Round "?"]
[White "Juergens Peicheva, Vera"]
[Black "Hennigan, Michael T"]
[Result "1-0"]
[WhiteElo "2185"]
[BlackElo "2355"]
[PlyCount "63"]
[EventDate "1990.03.28"]
[EventType "swiss"]
[EventRounds "9"]
[EventCountry "ENG"]
[SourceTitle "BritBase"]
[Source "John Saunders"]
[SourceDate "2023.06.27"]
[SourceVersion "1"]
[SourceVersionDate "2023.06.27"]
[SourceQuality "1"]

1. d4 Nf6 2. c4 g6 3. Nc3 Bg7 4. e4 d6 5. Nf3 O-O 6. Be2 e5 7. O-O Nc6 8. d5
Ne7 9. a4 a5 10. Ne1 Nd7 11. Be3 f5 12. f3 Nc5 13. Nd3 b6 14. b4 axb4 15. Nxb4
Bd7 16. Nd3 Nb7 17. Qb3 Kh8 18. Qb4 Rb8 19. Rfb1 Ng8 20. a5 bxa5 21. Qa3 Bh6
22. Bxh6 Nxh6 23. c5 fxe4 24. Nxe4 c6 25. Qc3 cxd5 26. Nxe5 dxe5 27. Qxe5+ Kg8
28. Qxd5+ Nf7 29. Qxd7 Ne5 30. Qxd8 Rfxd8 31. Ba6 Rd7 32. Nf6+ 1-0

[Event "Oakham Young Masters"]
[Site "Oakham"]
[Date "1990.??.??"]
[Round "?"]
[White "Juergens Peicheva, Vera"]
[Black "Maric, Mirjana"]
[Result "1/2-1/2"]
[WhiteElo "2185"]
[BlackElo "2275"]
[PlyCount "71"]
[EventDate "1990.03.28"]
[EventType "swiss"]
[EventRounds "9"]
[EventCountry "ENG"]
[SourceTitle "BritBase"]
[Source "John Saunders"]
[SourceDate "2023.06.27"]
[SourceVersion "1"]
[SourceVersionDate "2023.06.27"]
[SourceQuality "1"]

1. d4 d5 2. c4 e6 3. cxd5 exd5 4. Nc3 c5 5. Nf3 Nc6 6. g3 c4 7. Bg2 Bb4 8. O-O
Nge7 9. Bf4 O-O 10. Rc1 a6 11. Ne5 Be6 12. Nxc6 Nxc6 13. Nxd5 Bxd5 14. e4 Ne7
15. exd5 Rc8 16. Qa4 Bd6 17. Bg5 h6 18. Bd2 Qe8 19. Rxc4 Qxa4 20. Rxa4 Rc2 21.
Bc3 f5 22. Re1 Kh8 23. Bb4 Nc8 24. Bxd6 Nxd6 25. Rb4 b5 26. f4 Rfc8 27. Rb3
R8c4 28. Re6 Rc1+ 29. Kf2 R4c2+ 30. Re2 Rxe2+ 31. Kxe2 Rc2+ 32. Kf1 Rc1+ 33.
Kf2 Rc2+ 34. Kf1 Rc1+ 35. Kf2 Rc2+ 36. Kf1 1/2-1/2

[Event "Oakham Young Masters"]
[Site "Oakham"]
[Date "1990.??.??"]
[Round "?"]
[White "Kumaran, Dharshan"]
[Black "Quillan, Gary"]
[Result "1/2-1/2"]
[WhiteElo "2230"]
[BlackElo "2290"]
[PlyCount "89"]
[EventDate "1990.03.28"]
[EventType "swiss"]
[EventRounds "9"]
[EventCountry "ENG"]
[SourceTitle "BritBase"]
[Source "John Saunders"]
[SourceDate "2023.06.27"]
[SourceVersion "1"]
[SourceVersionDate "2023.06.27"]
[SourceQuality "1"]

1. d4 d6 2. e4 Nd7 3. Nf3 e5 4. Bc4 exd4 5. Nxd4 Ngf6 6. Nc3 Nb6 7. Be2 Be7 8.
O-O O-O 9. Bf4 a6 10. Re1 c5 11. Nf3 d5 12. exd5 Nbxd5 13. Nxd5 Nxd5 14. Be5
Be6 15. c3 Bf6 16. Bg3 Qc8 17. Qc2 c4 18. Rad1 Bf5 19. Qc1 Rd8 20. Ne5 b5 21.
Bf3 Qc5 22. Ng4 Bxg4 23. Bxg4 b4 24. Be5 bxc3 25. bxc3 Re8 26. Bf3 Rad8 27.
Bxd5 Rxd5 28. Bxf6 Rxe1+ 29. Rxe1 gxf6 30. h4 Re5 31. Rd1 Rd5 32. Re1 Qd6 33.
Qh6 Rd1 34. Rxd1 Qxd1+ 35. Kh2 Qd6+ 36. g3 Qe5 37. Qe3 Qf5 38. Qd4 Kg7 39. Qxc4
Qxf2+ 40. Kh3 h5 41. Qxa6 Qf3 42. Kh2 Qf2+ 43. Kh3 Qf3 44. Kh2 Qf2+ 45. Kh3
1/2-1/2

[Event "Oakham Young Masters"]
[Site "Oakham"]
[Date "1990.??.??"]
[Round "?"]
[White "Kumaran, Dharshan"]
[Black "Summerscale, Aaron P"]
[Result "1/2-1/2"]
[WhiteElo "2230"]
[BlackElo "2295"]
[PlyCount "75"]
[EventDate "1990.03.28"]
[EventType "swiss"]
[EventRounds "9"]
[EventCountry "ENG"]
[SourceTitle "BritBase"]
[Source "John Saunders"]
[SourceDate "2023.06.27"]
[SourceVersion "1"]
[SourceVersionDate "2023.06.27"]
[SourceQuality "1"]

1. d4 d5 2. c4 e6 3. cxd5 exd5 4. Nc3 c6 5. Nf3 Bd6 6. Bg5 Qb6 7. Qd2 Ne7 8. e3
Bf5 9. Be2 O-O 10. O-O Ng6 11. Nh4 Nxh4 12. Bxh4 Qc7 13. Bg3 Bxg3 14. hxg3 Qe7
15. Bd3 Bxd3 16. Qxd3 Nd7 17. Rac1 Qg5 18. Ne2 Nf6 19. b4 Qh6 20. Nf4 g5 21.
Nh3 Ne4 22. b5 Rad8 23. bxc6 bxc6 24. Rc2 Rd6 25. Rb1 Qh5 26. Qd1 Qxd1+ 27.
Rxd1 Rb8 28. Rdc1 Rb6 29. f3 Nxg3 30. Kf2 g4 31. Kxg3 gxh3 32. Kxh3 Re6 33. Re1
Rb4 34. Kg3 Kf8 35. Kf2 Ke7 36. Ree2 Kd6 37. Rb2 Rb6 38. Rbc2 1/2-1/2

[Event "Oakham Young Masters"]
[Site "Oakham"]
[Date "1990.??.??"]
[Round "?"]
[White "Ledger, Andrew J"]
[Black "Apicella, Manuel"]
[Result "1/2-1/2"]
[WhiteElo "2335"]
[BlackElo "2390"]
[PlyCount "83"]
[EventDate "1990.03.28"]
[EventType "swiss"]
[EventRounds "9"]
[EventCountry "ENG"]
[SourceTitle "BritBase"]
[Source "John Saunders"]
[SourceDate "2023.06.27"]
[SourceVersion "1"]
[SourceVersionDate "2023.06.27"]
[SourceQuality "1"]

1. d4 Nf6 2. g3 g6 3. Bg2 Bg7 4. e4 d6 5. Nc3 O-O 6. Nge2 e5 7. h3 exd4 8. Nxd4
Re8 9. O-O Nbd7 10. Re1 Nc5 11. Nb3 Nfd7 12. Bf4 Ne6 13. Be3 a5 14. a3 a4 15.
Nd4 Ne5 16. Nxe6 Bxe6 17. Rb1 c6 18. Ne2 Qa5 19. Bd4 b5 20. f4 Nc4 21. Bxg7
Kxg7 22. Kh2 Rad8 23. Nd4 Bd7 24. Nf3 Qa7 25. Qc1 f6 26. Ra1 c5 27. Nd2 Nxd2
28. Qxd2 Bc6 29. Rad1 Qb7 30. Qd3 Kg8 31. Re2 Qc7 32. Rde1 Re6 33. Bf3 Rde8 34.
Kg2 Qe7 35. Kf2 Kf8 36. Re3 Qc7 37. R3e2 Qb6 38. Kg2 Qb7 39. Kf2 Qb6 40. Kg2
Bb7 41. Qd2 Qc7 42. Qd3 1/2-1/2

[Event "Oakham Young Masters"]
[Site "Oakham"]
[Date "1990.??.??"]
[Round "?"]
[White "Ledger, Andrew J"]
[Black "Buckley, Graeme N"]
[Result "1-0"]
[WhiteElo "2335"]
[BlackElo "2240"]
[PlyCount "97"]
[EventDate "1990.03.28"]
[EventType "swiss"]
[EventRounds "9"]
[EventCountry "ENG"]
[SourceTitle "BritBase"]
[Source "John Saunders"]
[SourceDate "2023.06.27"]
[SourceVersion "1"]
[SourceVersionDate "2023.06.27"]
[SourceQuality "1"]

1. d4 Nf6 2. g3 g6 3. Bg2 d5 4. Nf3 Bg7 5. O-O O-O 6. c4 c6 7. cxd5 cxd5 8. Nc3
Ne4 9. Ne5 Nxc3 10. bxc3 Bf5 11. Qb3 Nc6 12. f4 Qa5 13. Bxd5 Nxe5 14. fxe5 Rac8
15. Bd2 e6 16. Bg2 Rfd8 17. e4 Bg4 18. Rf2 Bh5 19. h3 g5 20. Bxg5 Rd7 21. Bd2
b5 22. a4 a6 23. Be1 Rb8 24. Qa2 bxa4 25. g4 Bg6 26. Qxa4 Qxa4 27. Rxa4 Rb1 28.
Kf1 Bh6 29. Rfa2 Bg5 30. Ke2 Rdb7 31. h4 R7b2+ 32. Rxb2 Rxb2+ 33. Kf1 Be7 34.
Ra1 h6 35. Bf3 Rb6 36. Ra2 Bd8 37. c4 Rc6 38. c5 a5 39. Ke2 Rc8 40. Kd3 Kg7 41.
h5 Bh7 42. Kc4 Ra8 43. d5 f6 44. Bc3 exd5+ 45. exd5 fxe5 46. Bxe5+ Kf8 47. Bd1
Ke7 48. Ba4 Be4 49. Rf2 1-0

[Event "Oakham Young Masters"]
[Site "Oakham"]
[Date "1990.??.??"]
[Round "?"]
[White "Ledger, Andrew J"]
[Black "Hill, Shane Malcolm"]
[Result "1-0"]
[WhiteElo "2335"]
[BlackElo "2245"]
[PlyCount "69"]
[EventDate "1990.03.28"]
[EventType "swiss"]
[EventRounds "9"]
[EventCountry "ENG"]
[SourceTitle "BritBase"]
[Source "John Saunders"]
[SourceDate "2023.06.27"]
[SourceVersion "1"]
[SourceVersionDate "2023.06.27"]
[SourceQuality "1"]

1. Nf3 Nf6 2. g3 g6 3. Bg2 Bg7 4. O-O O-O 5. d4 d5 6. c4 c6 7. cxd5 cxd5 8. Nc3
Nc6 9. Ne5 Bf5 10. Nxc6 bxc6 11. Bf4 Qb6 12. Na4 Qb5 13. Rc1 Ne4 14. b3 Rac8
15. f3 Nd6 16. Qd2 Rfe8 17. Rfe1 Nc4 18. Qd1 Nb6 19. e4 dxe4 20. fxe4 Bd7 21.
Nc5 Red8 22. Qd2 a5 23. Be3 Be8 24. Qf2 Qb4 25. Red1 e6 26. Kh1 Na8 27. Rc4 Qb5
28. Bg5 Rd7 29. Nxd7 Qxg5 30. Nc5 Nb6 31. Rcc1 Rd8 32. Rc2 e5 33. d5 Nc8 34.
Nb7 Rd7 35. Nxa5 1-0

[Event "Oakham Young Masters"]
[Site "Oakham"]
[Date "1990.??.??"]
[Round "?"]
[White "Ledger, Andrew J"]
[Black "Summerscale, Aaron P"]
[Result "0-1"]
[WhiteElo "2335"]
[BlackElo "2295"]
[PlyCount "78"]
[EventDate "1990.03.28"]
[EventType "swiss"]
[EventRounds "9"]
[EventCountry "ENG"]
[SourceTitle "BritBase"]
[Source "John Saunders"]
[SourceDate "2023.06.27"]
[SourceVersion "1"]
[SourceVersionDate "2023.06.27"]
[SourceQuality "1"]

1. e4 d5 2. exd5 Qxd5 3. Nc3 Qa5 4. d4 Nf6 5. Nf3 Bf5 6. Be2 e6 7. O-O c6 8.
Re1 Nbd7 9. Bf4 Bb4 10. Bd2 h6 11. a3 Be7 12. Ne4 Qb6 13. Ng3 Bh7 14. b4 O-O
15. c4 Qc7 16. Bf1 Rfd8 17. Qe2 Nf8 18. Rac1 a5 19. Bc3 axb4 20. axb4 Ra4 21.
Ra1 Rda8 22. Rxa4 Rxa4 23. Qb2 Qb6 24. c5 Qd8 25. Ne5 Nd5 26. Ne4 Nd7 27. Nc4
Bxe4 28. Rxe4 N7f6 29. Re1 Nxc3 30. Qxc3 Nd5 31. Qc2 Rxb4 32. Ra1 g6 33. Ra7
Bf6 34. Qd2 Qb8 35. Ra3 Qf4 36. Qa2 Qxd4 37. Ra8+ Kg7 38. Nd6 Rb2 39. Qa5 Qxf2+
0-1

[Event "Oakham Young Masters"]
[Site "Oakham"]
[Date "1990.??.??"]
[Round "?"]
[White "Maric, Alisa"]
[Black "Cullip, Stephen J"]
[Result "1/2-1/2"]
[WhiteElo "2365"]
[BlackElo "2285"]
[PlyCount "80"]
[EventDate "1990.03.28"]
[EventType "swiss"]
[EventRounds "9"]
[EventCountry "ENG"]
[SourceTitle "BritBase"]
[Source "John Saunders"]
[SourceDate "2023.06.27"]
[SourceVersion "1"]
[SourceVersionDate "2023.06.27"]
[SourceQuality "1"]

1. d4 Nf6 2. c4 e6 3. Nc3 Bb4 4. Qc2 c5 5. dxc5 O-O 6. a3 Bxc5 7. Nf3 d5 8.
cxd5 Nxd5 9. Nxd5 Qxd5 10. e4 Qc6 11. Bd3 Bb6 12. O-O Qxc2 13. Bxc2 Bd7 14. Rd1
Bb5 15. Nd4 Bxd4 16. Rxd4 Nc6 17. Rd1 Rac8 18. Be3 Na5 19. Rdc1 b6 20. Bd2 Nb7
21. a4 Be2 22. Bc3 Nc5 23. Re1 Bc4 24. Re3 Rfd8 25. h4 Bb3 26. Bxb3 Nxb3 27.
Rae1 Nc5 28. Rg3 g6 29. a5 Na4 30. Bf6 Rd2 31. axb6 axb6 32. b3 Nc5 33. Rc3 Rd3
34. Rec1 Rxc3 35. Rxc3 Ra8 36. f3 h6 37. Bd4 Ra1+ 38. Kh2 Rb1 39. Rc2 Rxb3 40.
Bxc5 bxc5 1/2-1/2

[Event "Oakham Young Masters"]
[Site "Oakham"]
[Date "1990.??.??"]
[Round "?"]
[White "Maric, Alisa"]
[Black "Harris, Michael"]
[Result "1/2-1/2"]
[WhiteElo "2365"]
[BlackElo "2255"]
[PlyCount "44"]
[EventDate "1990.03.28"]
[EventType "swiss"]
[EventRounds "9"]
[EventCountry "ENG"]
[SourceTitle "BritBase"]
[Source "John Saunders"]
[SourceDate "2023.06.27"]
[SourceVersion "1"]
[SourceVersionDate "2023.06.27"]
[SourceQuality "1"]

1. d4 Nf6 2. c4 g6 3. Nc3 Bg7 4. e4 d6 5. Nf3 O-O 6. Be2 e5 7. O-O Nc6 8. Be3
h6 9. d5 Ne7 10. Ne1 Nd7 11. Qd2 Kh7 12. Nd3 f5 13. exf5 Nxf5 14. Bf3 Nf6 15.
Ne4 Nxe4 16. Bxe4 Qh4 17. f3 Nxe3 18. Qxe3 Bf5 19. Rfe1 h5 20. Re2 Bh6 21. Qf2
Qf6 22. Rf1 b6 1/2-1/2

[Event "Oakham Young Masters"]
[Site "Oakham"]
[Date "1990.??.??"]
[Round "?"]
[White "Maric, Alisa"]
[Black "Kumaran, Dharshan"]
[Result "1/2-1/2"]
[WhiteElo "2365"]
[BlackElo "2230"]
[PlyCount "62"]
[EventDate "1990.03.28"]
[EventType "swiss"]
[EventRounds "9"]
[EventCountry "ENG"]
[SourceTitle "BritBase"]
[Source "John Saunders"]
[SourceDate "2023.06.27"]
[SourceVersion "1"]
[SourceVersionDate "2023.06.27"]
[SourceQuality "1"]

1. d4 Nf6 2. c4 c5 3. d5 b5 4. cxb5 a6 5. bxa6 g6 6. Nc3 Bxa6 7. g3 d6 8. Bg2
Bg7 9. Nf3 Nbd7 10. O-O Nb6 11. Re1 O-O 12. Bf4 Nc4 13. Qc1 Qa5 14. Rb1 Nd7 15.
Bh6 Bxh6 16. Qxh6 Rfb8 17. Qc1 Rb7 18. b3 Na3 19. Ra1 Nb5 20. Nxb5 Bxb5 21. Bf1
Qb4 22. Qd2 Qa3 23. e3 Bxf1 24. Rxf1 Nf6 25. Rfc1 Rba7 26. Qd1 Qb4 27. Rc2 Qb7
28. Rd2 Ne4 29. Rc2 Nf6 30. Rd2 Ne4 31. Rc2 Nf6 1/2-1/2

[Event "Oakham Young Masters"]
[Site "Oakham"]
[Date "1990.??.??"]
[Round "?"]
[White "Maric, Mirjana"]
[Black "Carton, Niall"]
[Result "0-1"]
[WhiteElo "2275"]
[BlackElo "2205"]
[PlyCount "94"]
[EventDate "1990.03.28"]
[EventType "swiss"]
[EventRounds "9"]
[EventCountry "ENG"]
[SourceTitle "BritBase"]
[Source "John Saunders"]
[SourceDate "2023.06.27"]
[SourceVersion "1"]
[SourceVersionDate "2023.06.27"]
[SourceQuality "1"]

1. e4 e6 2. d4 d5 3. Nc3 Bb4 4. e5 c5 5. a3 Bxc3+ 6. bxc3 Nc6 7. Qg4 Nge7 8.
Qxg7 Rg8 9. Qxh7 cxd4 10. f4 Qa5 11. Qd3 Qxc3+ 12. Qxc3 dxc3 13. Ne2 d4 14. Ng3
Nd5 15. Ne4 Bd7 16. Nd6+ Ke7 17. Nxb7 Rab8 18. Nc5 f6 19. exf6+ Nxf6 20. Nxd7
Kxd7 21. g3 e5 22. Bh3+ Kd6 23. fxe5+ Nxe5 24. O-O Nd5 25. Bg2 Rge8 26. Bxd5
Kxd5 27. Bf4 Rb2 28. Rf2 d3 29. Rd1 Kc4 30. cxd3+ Nxd3 31. Rf3 Nxf4 32. Rxf4+
Kb3 33. Rc1 Ree2 34. Rf7 Rg2+ 35. Kf1 Rxh2 36. Kg1 Rhg2+ 37. Kf1 Rxg3 38. Rb7+
Ka2 39. Rc7 Rb1 40. Kf2 Rxc1 41. Kxg3 Kb2 42. Rb7+ Kc2 43. Rxa7 Rd1 44. Kf2 Kc1
45. a4 c2 46. a5 Kb1 47. Rb7+ Ka2 0-1

[Event "Oakham Young Masters"]
[Site "Oakham"]
[Date "1990.??.??"]
[Round "?"]
[White "Maric, Mirjana"]
[Black "Cooper, Lawrence"]
[Result "1/2-1/2"]
[WhiteElo "2275"]
[BlackElo "2310"]
[PlyCount "21"]
[EventDate "1990.03.28"]
[EventType "swiss"]
[EventRounds "9"]
[EventCountry "ENG"]
[SourceTitle "BritBase"]
[Source "John Saunders"]
[SourceDate "2023.06.27"]
[SourceVersion "1"]
[SourceVersionDate "2023.06.27"]
[SourceQuality "1"]

1. e4 c5 2. c3 d5 3. exd5 Qxd5 4. d4 Nf6 5. Nf3 Bg4 6. Be2 cxd4 7. cxd4 e6 8.
Nc3 Qa5 9. Ne5 Bxe2 10. Qxe2 Bb4 11. Bd2 1/2-1/2

[Event "Oakham Young Masters"]
[Site "Oakham"]
[Date "1990.??.??"]
[Round "?"]
[White "Maric, Mirjana"]
[Black "Werner, Marc"]
[Result "1-0"]
[WhiteElo "2275"]
[BlackElo "2370"]
[PlyCount "52"]
[EventDate "1990.03.28"]
[EventType "swiss"]
[EventRounds "9"]
[EventCountry "ENG"]
[SourceTitle "BritBase"]
[Source "John Saunders"]
[SourceDate "2023.06.27"]
[SourceVersion "1"]
[SourceVersionDate "2023.06.27"]
[SourceQuality "1"]

1. e4 g6 2. d4 Bg7 3. Nc3 d6 4. h3 c6 5. a4 Nd7 6. g3 e5 7. Be3 h5 8. Bg2 Bh6
9. Bxh6 Nxh6 10. Qd2 f6 11. Nge2 Nf7 12. O-O h4 13. gxh4 Rxh4 14. f4 a5 15. Qe1
Rh6 16. Rd1 Kf8 17. Qf2 Qe7 18. Rd3 Kg7 19. b3 Nf8 20. Rf3 f5 21. fxe5 dxe5 22.
Ng3 Nh7 23. Nce2 Rh4 24. dxe5 Nxe5 25. Nd4 Nxf3+ 26. Bxf3 Kh8 {(70)} 1-0

[Event "Oakham Young Masters"]
[Site "Oakham"]
[Date "1990.??.??"]
[Round "?"]
[White "Mortazavi, Ali"]
[Black "Apicella, Manuel"]
[Result "1/2-1/2"]
[WhiteElo "2275"]
[BlackElo "2390"]
[PlyCount "68"]
[EventDate "1990.03.28"]
[EventType "swiss"]
[EventRounds "9"]
[EventCountry "ENG"]
[SourceTitle "BritBase"]
[Source "John Saunders"]
[SourceDate "2023.06.27"]
[SourceVersion "1"]
[SourceVersionDate "2023.06.27"]
[SourceQuality "1"]

1. d4 Nf6 2. c4 g6 3. Nc3 Bg7 4. e4 d6 5. Be2 O-O 6. Bg5 h6 7. Be3 e5 8. d5 Na6
9. h3 Nc5 10. Bf3 a5 11. Qd2 Kh7 12. O-O-O Nfd7 13. g4 Nb6 14. Be2 f5 15. f3
Qh4 16. Kb1 Bd7 17. Qe1 Qxe1 18. Rxe1 Nba4 19. Nxa4 Nxa4 20. Bd3 Rae8 21. Bc2
f4 22. Bxa4 Bxa4 23. Bd2 Ra8 24. Ne2 Bf6 25. Rc1 Bh4 26. Be1 Bxe1 27. Rhxe1 g5
28. h4 Kg6 29. h5+ Kf6 30. b3 Bd7 31. a3 Ke7 32. Kb2 Rfc8 33. Red1 b6 34. Nc3
Ra7 1/2-1/2

[Event "Oakham Young Masters"]
[Site "Oakham"]
[Date "1990.??.??"]
[Round "?"]
[White "Mortazavi, Ali"]
[Black "Regan, Natasha K"]
[Result "1-0"]
[WhiteElo "2275"]
[BlackElo "2010"]
[PlyCount "37"]
[EventDate "1990.03.28"]
[EventType "swiss"]
[EventRounds "9"]
[EventCountry "ENG"]
[SourceTitle "BritBase"]
[Source "John Saunders"]
[SourceDate "2023.06.27"]
[SourceVersion "1"]
[SourceVersionDate "2023.06.27"]
[SourceQuality "1"]

1. e4 c5 2. Nc3 Nc6 3. f4 g6 4. Nf3 Bg7 5. Bb5 e6 6. Bxc6 bxc6 7. e5 c4 8. Ne4
Ba6 9. b3 Qa5 10. Nd6+ Kf8 11. Bb2 h5 12. bxc4 Nh6 13. Ng5 Ng4 14. Qf3 Nh6 15.
Qc3 Qxc3 16. Bxc3 Kg8 17. Rb1 Bf8 18. Nge4 Nf5 19. Nf6+ 1-0

[Event "Oakham Young Masters"]
[Site "Oakham"]
[Date "1990.??.??"]
[Round "?"]
[White "Mortazavi, Ali"]
[Black "Werner, Marc"]
[Result "1-0"]
[WhiteElo "2275"]
[BlackElo "2370"]
[PlyCount "109"]
[EventDate "1990.03.28"]
[EventType "swiss"]
[EventRounds "9"]
[EventCountry "ENG"]
[SourceTitle "BritBase"]
[Source "John Saunders"]
[SourceDate "2023.06.27"]
[SourceVersion "1"]
[SourceVersionDate "2023.06.27"]
[SourceQuality "1"]

1. d4 g6 2. Nf3 Bg7 3. c4 d6 4. Nc3 Nd7 5. Bg5 Ngf6 6. e3 O-O 7. Be2 c5 8. O-O
h6 9. Bh4 g5 10. Bg3 Nh5 11. Rc1 b6 12. a3 Bb7 13. d5 Nxg3 14. hxg3 Bc8 15. Qc2
Nf6 16. Rfd1 Ng4 17. Nh2 Nxh2 18. Kxh2 f5 19. f4 Qe8 20. Rf1 Bd7 21. Bd3 Qh5+
22. Kg1 Rf6 23. b4 gxf4 24. gxf4 cxb4 25. axb4 Rg6 26. Be2 Qh3 27. Bf3 Kh7 28.
Kf2 Qh4+ 29. Ke2 Rc8 30. Rh1 Qf6 31. Qd3 Kh8 32. g4 fxg4 33. Be4 Be8 34. Kf1 g3
35. Kg2 Rg4 36. Bf5 Bg6 37. Bxg6 Rxg6 38. Rh5 a5 39. Ne4 Qf7 40. Rch1 Kg8 41.
bxa5 bxa5 42. Nxg3 Rb8 43. Kf3 Rxg3+ 44. Kxg3 a4 45. Kf3 Rb3 46. Qe4 a3 47.
R5h2 Rb2 48. Rxb2 axb2 49. Qe6 Qxe6 50. dxe6 Bc3 51. Ke2 h5 52. Kd3 Bf6 53. Kc2
Kg7 54. Rxh5 Kg6 55. Rb5 1-0

[Event "Oakham Young Masters"]
[Site "Oakham"]
[Date "1990.??.??"]
[Round "?"]
[White "Quillan, Gary"]
[Black "Maric, Mirjana"]
[Result "1-0"]
[WhiteElo "2290"]
[BlackElo "2275"]
[PlyCount "103"]
[EventDate "1990.03.28"]
[EventType "swiss"]
[EventRounds "9"]
[EventCountry "ENG"]
[SourceTitle "BritBase"]
[Source "John Saunders"]
[SourceDate "2023.06.27"]
[SourceVersion "1"]
[SourceVersionDate "2023.06.27"]
[SourceQuality "1"]

1. e4 e5 2. Nf3 Nf6 3. Nxe5 d6 4. Nf3 Nxe4 5. Nc3 Nxc3 6. dxc3 Be7 7. Be3 O-O
8. Qd2 Nc6 9. O-O-O Ne5 10. Nxe5 dxe5 11. Bd3 Qd6 12. f4 Qe6 13. f5 Qxa2 14.
Qe2 Bxf5 15. Bxf5 Rfd8 16. Bd3 e4 17. Bf4 exd3 18. cxd3 Bd6 19. Bxd6 Rxd6 20.
Rhe1 Re6 21. Qf2 Rae8 22. Kc2 a6 23. Rxe6 Qxe6 24. Rd2 g6 25. h3 a5 26. Qa7 Qb6
27. Qxb6 cxb6 28. d4 b5 29. d5 Rd8 30. d6 Rd7 31. Rd5 b6 32. Kd3 f6 33. c4
bxc4+ 34. Kxc4 Kf7 35. Kb5 Ke6 36. Kc6 a4 37. Rd2 Rd8 38. d7 b5 39. Re2+ Kf5
40. Kc7 Ra8 41. d8=Q Rxd8 42. Kxd8 Kf4 43. Ke7 f5 44. Kd6 b4 45. Kc5 a3 46. b3
Kg3 47. Kxb4 f4 48. Kxa3 h5 49. b4 f3 50. gxf3 Kxh3 51. Re5 Kg3 52. Rg5+ 1-0

[Event "Oakham Young Masters"]
[Site "Oakham"]
[Date "1990.??.??"]
[Round "?"]
[White "Regan, Natasha K"]
[Black "Cullip, Stephen J"]
[Result "0-1"]
[WhiteElo "2010"]
[BlackElo "2285"]
[PlyCount "60"]
[EventDate "1990.03.28"]
[EventType "swiss"]
[EventRounds "9"]
[EventCountry "ENG"]
[SourceTitle "BritBase"]
[Source "John Saunders"]
[SourceDate "2023.06.27"]
[SourceVersion "1"]
[SourceVersionDate "2023.06.27"]
[SourceQuality "1"]

1. Nf3 c5 2. c4 Nf6 3. g3 b6 4. Bg2 Bb7 5. Nc3 e6 6. O-O Be7 7. d4 cxd4 8. Nb5
a6 9. Nbxd4 O-O 10. b3 Qc7 11. Bb2 d6 12. Rc1 Nbd7 13. b4 Rac8 14. Qb3 Qb8 15.
Rfd1 d5 16. Ng5 dxc4 17. Rxc4 Bxg2 18. Kxg2 Qb7+ 19. Kg1 Rxc4 20. Qxc4 Rc8 21.
Qb3 Qd5 22. Qxd5 Nxd5 23. Ngxe6 fxe6 24. Nxe6 N5f6 25. Nxg7 Rc2 26. Bxf6 Nxf6
27. Nf5 Bxb4 28. e3 Rxa2 29. g4 Rd2 30. Rc1 Bc5 0-1